Counter-examples in probability and statistics
Αποθηκεύτηκε σε:
| Κύριος συγγραφέας: | |
|---|---|
| Άλλοι συγγραφείς: | |
| Μορφή: | Βιβλίο |
| Γλώσσα: | English |
| Δημοσίευση: |
New York ; London :
Chapman & Hall,
c1986
|
| Σειρά: | Wadsworth & Brooks/Cole statistics/probability series
|
| Θέματα: | |
| Ετικέτες: |
Προσθήκη ετικέτας
Δεν υπάρχουν, Καταχωρήστε ετικέτα πρώτοι!
|
MARC
| LEADER | 00000nam a2200000 i 4500 | ||
|---|---|---|---|
| 001 | 1/99791 | ||
| 008 | 000310s1986 eng d | ||
| 020 | |a 0-412-98901-8 | ||
| 035 | |l 10057023 | ||
| 040 | |a GR-MY-UA |b gre |e aacr | ||
| 041 | 0 | |a eng | |
| 082 | 0 | |a 519.2 | |
| 100 | 1 | |a Romano, Joseph P. |d 1960- | |
| 245 | 1 | 0 | |a Counter-examples in probability and statistics / |c Joseph P. Romano, Andrew F. Siegel |
| 260 | |a New York ; London : |b Chapman & Hall, |c c1986 | ||
| 300 | |a xxiv, 303 p.; |c 24 cm. | ||
| 300 | |a ill.; | ||
| 490 | 1 | |a Wadsworth & Brooks/Cole statistics/probability series | |
| 504 | |a Includes index and bibliography | ||
| 650 | 0 | 0 | |a Probabilities. |
| 650 | 0 | 0 | |a Mathematical statistics. |
| 700 | 1 | |a Siegel, Andrew F. | |
| 830 | 0 | |a Wadsworth & Brooks/Cole statistics/probability series | |
| 852 | |a INST |b SAMOS |e 20000310 |h 519.2 ROM |p 005300023221 |q 005300023221 |t BK |y 0 | ||
| 901 | |a BIBL3-2000-1 | ||
| 909 | |a Σ |b 073249 | ||
| 922 | |a 3ΕΛΗ |b 199912 |c ΚΠΣ |d GLORY | ||
| 950 | |a 116-1998-08-10 | ||
| 970 | |a ΓΕΝΟΥΖΟΥ |b ΧΡΥΣΑΝΘΗ |z 2000/03/10 | ||